Defender al pobre y proteger la naturaleza (Record no. 858746)
[ view plain ]
| 000 -CABECERA | |
|---|---|
| Campo de control de longitud fija | 00628nab a2200169 4500 |
| 003 - IDENTIFICADOR DEL NÚMERO DE CONTROL | |
| Campo de control | ES-SlBCS |
| 005 - FECHA Y HORA DE LA ÚLTIMA TRANSACCIÓN | |
| Campo de control | 20220203142251.0 |
| 008 - CÓDIGOS DE INFORMACIÓN DE LONGITUD FIJA | |
| Campo de control de longitud fija | 160922s2016 sp ||||| |||| 00| 0 spa d |
| 040 ## - FUENTE DE LA CATALOGACIÓN | |
| Centro catalogador del origen | ES-SlBCS |
| Lengua de catalogación | spa |
| 100 1# - PUNTO DE ACCESO PRINCIPAL-NOMBRE DE PERSONA | |
| Nombre de persona | Álvarez de los Mozos, Patxi |
| 9 (RLIN) | 70697 |
| 245 10 - MENCIÓN DE TÍTULO | |
| Título | Defender al pobre y proteger la naturaleza |
| Mención de responsabilidad, etc. | Patxi Álvarez de los Mozos, S.I. |
| 246 11 - VARIANTE DE TÍTULO | |
| Título propio / Titulo en breve | Defend the poor and protect the nature |
| 610 20 - PUNTO DE ACCESO ADICIONAL DE MATERIA-NOMBRE DE ENTIDAD CORPORATIVA | |
| Nombre de entidad corporativa o nombre de jurisdicción como elemento inicial | Iglesia Católica |
| Unidad subordinada | Papa (2013-: Francisco) |
| Título de la obra | Laudato si' |
| 9 (RLIN) | 408858 |
| 650 00 - PUNTO DE ACCESO ADICIONAL DE MATERIA-TÉRMINO DE MATERIA | |
| Término de materia o nombre geográfico como elemento inicial | Ecología |
| 9 (RLIN) | 15891 |
| 773 0# - ENLACE AL DOCUMENTO FUENTE | |
| Parte(s) relacionada(s) | Vol. 71, Nº 281, 2016, págs. 81-98 |
| Título | Revista de Fomento Social |
| Número de control del registro relacionado | Rev372 |
| Número Internacional Normalizado para Publicaciones Seriadas (ISSN) | 0015-6043 |
| 942 ## - ENTRADA DE ELEMENTOS AGREGADOS (KOHA) | |
| Fuente de clasificaión o esquema | |
| Koha [por defecto] tipo de item | Artículos de revista |
| Suprimido | Perdido | Fuente de clasificación o esquema | Estropeado | No para préstamo | Localización permanente | Localización actual | Localización en estantería | Fecha adquisición | Préstamos totales | Fecha última consulta | Fecha del precio de reemplazo | Tipo de item de Koha |
|---|---|---|---|---|---|---|---|---|---|---|---|---|
| San Esteban | San Esteban | Depósito de revistas | 22/09/2016 | 22/09/2016 | 22/09/2016 | Artículos de revista |
